Les 30 joueurs les mieux valorisés de Ligue 1 en 2026 - Statistiques

Statistiques générales
  • Ce quiz a été pris 247 fois
    76 depuis la dernière actualisation
  • Le résultat moyen est 24 sur 31
Statistiques - réponses
Rang Valeur Club Nationalité Joueur % Correct
3 100 M Paris Saint-Germain France Ousmane Dembélé
100%
6 80 M Paris Saint-Germain Maroc Achraf Hakimi
98%
- 110 M Paris Saint-Germain Portugal João Neves
98%
19 35 M RC Strasbourg Argentine Valentín Barco
98%
4 90 M Paris Saint-Germain France Désiré Doué
97%
7 75 M Paris Saint-Germain Portugal Nuno Mendes
97%
1 110 M Paris Saint-Germain Portugal Vitinha
97%
- 70 M Paris Saint-Germain Equateur Willian Pacho
97%
8 70 M Paris Saint-Germain France Bredley Barcola
94%
11 55 M Olympique de Marseille Angleterre Mason Greenwood
92%
10 60 M Paris Saint-Germain France Warren Zaïre-Emery
86%
- 40 M Paris Saint-Germain Espagne Fabián Ruiz
83%
15 45 M Paris Saint-Germain Ukraine Ilya Zabarnyi
81%
- 35 M Paris Saint-Germain Portugal Gonçalo Ramos
78%
- 90 M Paris Saint-Germain Géorgie Khvicha Kvaratskhelia
78%
- 35 M Olympique Lyonnais Brésil Endrick
77%
13 50 M AS Monaco France Maghnes Akliouche
77%
- 30 M Paris Saint-Germain Brésil Marquinhos
75%
- 30 M Paris Saint-Germain France Lucas Chevalier
73%
26 30 M Paris Saint-Germain Sénégal Ibrahim Mbaye
72%
- 35 M AS Monaco États-Unis Folarin Balogun
70%
16 40 M Paris Saint-Germain France Senny Mayulu
70%
- 35 M Olympique de Marseille Brésil Igor Paixão
66%
- 35 M RC Strasbourg Argentine Joaquín Panichelli
66%
- 30 M Olympique Lyonnais Belgique Malick Fofana
66%
- 50 M LOSC Lille France Ayyoub Bouaddi
58%
- 55 M Stade Rennais France Jérémy Jacquet
58%
- 40 M Olympique de Marseille Angleterre Ethan Nwaneri
56%
- 30 M LOSC Lille Espagne Matías Fernández-Pardo
56%
- 35 M AS Monaco Sénégal Lamine Camara
48%
- 30 M RC Lens Mali Mamadou Sangaré
41%
Aucun quiz correspondant
Distribution des résultats
% des personnes avec chaque résultat
Percentile par nombre de réponses
Votre historique - résultats
Vous n’avez pas pris ce quiz depuis la dernière actualisation